ՀՀ Գիտությունների ազգային ակադեմիայի հիմնարար գիտական գրադարան  =   Fundamental Scientific Library of NAS RA

Письма : (Record no. 237417)

MARC details
000 -LEADER
fixed length control field 00913nam a2200229 i 4500
001 - CONTROL NUMBER
control field 000655242
003 - CONTROL NUMBER IDENTIFIER
control field AM-YeHGA
005 - DATE AND TIME OF LATEST TRANSACTION
control field 20250617141355.0
008 - FIXED-LENGTH DATA ELEMENTS--GENERAL INFORMATION
fixed length control field 090504s1986 ||| r 000 0 rus d
040 ## - CATALOGING SOURCE
Original cataloging agency AM-YeHGA
041 0# - LANGUAGE CODE
Language code of text/sound track or separate title rus
090 ## - LOCALLY ASSIGNED LC-TYPE CALL NUMBER (OCLC); LOCAL CALL NUMBER (RLIN)
-- 238988
100 1# - MAIN ENTRY--PERSONAL NAME
Personal name Бриген, Александр Федорович
245 10 - TITLE STATEMENT
Title Письма :
Remainder of title Исторические сочинения /
Statement of responsibility, etc. А.Ф. Бриген.
260 ## - PUBLICATION, DISTRIBUTION, ETC.
Place of publication, distribution, etc. Иркутск :
Name of publisher, distributor, etc. Вост.-Сиб. кн. изд-во,
Date of publication, distribution, etc. 1986.
300 ## - PHYSICAL DESCRIPTION
Extent 570 с., :
Other physical details портр., [1] л. портр.
440 #0 - SERIES STATEMENT/ADDED ENTRY--TITLE
Title Серия "Полярная звезда"
504 ## - BIBLIOGRAPHY, ETC. NOTE
Bibliography, etc. note Библиогр. в примеч.: с. 458-548
653 0# - INDEX TERM--UNCONTROLLED
Uncontrolled term Декабристы
653 0# - INDEX TERM--UNCONTROLLED
Uncontrolled term Общественная мысль в России - История - 19 в.
653 0# - INDEX TERM--UNCONTROLLED
Uncontrolled term Революционное движение в России - История - 19 в.
Holdings
Withdrawn status Lost status Damaged status Not for loan Collection Home library Current library Date acquired Total checkouts Full call number Barcode Date last seen Price effective from Koha item type Public note
        General Fundamental Scientific Library Fundamental Scientific Library 29/12/2016   PII/568499 FL0110088 29/12/2016 29/12/2016 Գրքեր / Books 30 Days Loan


ՀՀ ԳԱԱ հիմնարար գիտական գրադարան
ՀՀ,Երևան 0019
Մարշալ Բաղրամյան 24/6
հեռախոս:(374-10) 52-47-50
Հետադարձ կապ

All site content, except where otherwise noted, is licensed under a
Creative Commons License